• 首页
  • 本馆介绍
  • 公告通知
  • 最新文献
  • 馆藏检索
  • 电子资源
  • 读者导购
  • 参考咨询
  • 我的图书馆
  • 登录
  • 详细信息显示
  • 放入我的书架
  • 预约/预借图书
  • 作者相关作品
  • 分类相关作品
  • 丛书相关作品
  • 出版社相关作品

书目信息

  • 表格格式
  • 工作单格式
  • 卡片格式
题名:
学校管理新思维
    
 
作者: 胡东芳
分册:  
出版信息: 天津   天津教育  2006
页数: 200页
开本: 21cm
丛书名: 教育经济与管理丛书
单 册:
中图分类: G48
科图分类:
主题词: 学校--设备 , 学校--教育建筑
电子资源:
ISBN: 7-5309-4534-4
000 00706nam0 2200229 450
001 0753865015
005 20070818145745.01
010    @a7-5309-4534-4@d¥37.00
100    @a20070818d km y0chiy0120 ea
101 0  @achi
200 1  @a学校管理新思维@Axue xiao guan li xin si wei@e成为智慧的学校管理者@f胡东芳@Fhu dong fang
210    @a天津@c天津教育@d2006
215    @a200页@d21cm
225 2  @a教育经济与管理丛书
410  0 @12001 @a教育经济与管理丛书
517 1  @a成为智慧的学校管理者@Acheng wei zhi hui de xue xiao guan li zhe
606 0  @a学校@x设备
606 0  @a学校@x教育建筑
690    @aG48@v3
701  0 @a胡东芳@Ahu dong fang
801  0 @aCN@bPFT@c20070818
905    @a213230@dG48@ee237@f1
    
    学校管理新思维:成为智慧的学校管理者/胡东芳.-天津:天津教育,2006
    200页;21cm.-(教育经济与管理丛书)
    
    
    ISBN 7-5309-4534-4:¥37.00
    
●
相关链接 在E读中查询图书 在五车中查询图书 在当当中查询图书 在豆瓣中查询图书


正题名:学校管理新思维     索取号:G48/e237         预约/预借

序号 登录号 条形码 馆藏地/架位号 状态 备注
1 6305129   263051299   教育系资料室/ [索取号:G48/e237] 在馆    
唐山师范学院图书馆 欢迎您!
大连网信软件有限公司© 版权所有